| 000 | 00646cam3a220021700 4500 | ||
|---|---|---|---|
| 001 | tmp15403230 | ||
| 003 | UPRA | ||
| 005 | 20190830124810.0 | ||
| 008 | 950807s1958 gw ger u | ||
| 035 | _a(Sirsi) r30484 | ||
| 035 | _a(UPRA)tmp15403230 | ||
| 040 | _cUPRA | ||
| 041 | 1 |
_ager eng _hger eng |
|
| 100 | 1 |
_cpseud. _6A94928.1 |
|
| 245 | 1 | 4 |
_aDie weisse Negerin : _bdas Schicksal der Reba Lee / _c[von] Mary Hasting Bradley. |
| 260 |
_a[Munchen] : _bKindler, _c[1958] |
||
| 500 | _aTr. of "I passed for white." | ||
| 700 | 1 |
_aBradley, Mary Hastings. _6A94929.1 |
|
| 949 |
_aE185.97 _wlcc _i-34295 _mMAIN _tBOOK _lON-SHELF |
||
| 004 | 30484 | ||
| 999 |
_c201560 _d201561 |
||